Internet banking a jeho využitie v SR diplomová práca

Enregistré dans:
Détails bibliographiques
Auteur principal: Gúčiková, Zuzana
Collectivité auteur: Národohospodárska fakulta EU. Katedra bankovníctva a medzinárodných financií
Autres auteurs: Rendek, Peter
Format: Livre
Langue:slovaque
Publié: Bratislava 2008
Tags: Ajouter un tag
Pas de tags, Soyez le premier à ajouter un tag!

MARC

LEADER 00000nam$a2200000$$$4500
001 0076721
005 20240201115344.6
041 0 |a slo 
044 |a SK 
245 1 0 |a Internet banking a jeho využitie v SR  |b diplomová práca  |c Zuzana Gúčiková ; škol. Peter Rendek 
264 1 |a Bratislava  |c 2008 
300 |a 78 s. 
100 1 |a Gúčiková, Zuzana 
700 1 |a Rendek, Peter 
710 2 |a Národohospodárska fakulta EU. Katedra bankovníctva a medzinárodných financií